Detalles MARC
| 000 -LEADER |
| fixed length control field |
01196nam a2200301 u 4500 |
| 001 - CONTROL NUMBER |
| control field |
|
| 003 - CONTROL NUMBER IDENTIFIER |
| control field |
DO-SdBNP |
| 005 - DATE AND TIME OF LATEST TRANSACTION |
| control field |
20210824122147.0 |
| 008 - FIXED-LENGTH DATA ELEMENTS--GENERAL INFORMATION |
| fixed length control field |
090727s1999 dr r 000 0 spa d |
| 020 ## - INTERNATIONAL STANDARD BOOK NUMBER |
| Canceled/invalid ISBN |
8489955318-X |
| 040 ## - CATALOGING SOURCE |
| Original cataloging agency |
DO-SdBNP |
| Language of cataloging |
spa |
| Transcribing agency |
BPMSU |
| 082 ## - DEWEY DECIMAL CLASSIFICATION NUMBER |
| Classification number |
346.082 |
| Item number |
R457a 1999 |
| Edition number |
22 |
| 100 1# - MAIN ENTRY--PERSONAL NAME |
| Personal name |
Reyes Sánchez, Miguel |
| Dates associated with a name |
1966- |
| 245 10 - TITLE STATEMENT |
| Title |
La autonomía legal de los bancos centrales / |
| Statement of responsibility, etc. |
Miguel Reyes Sánchez ; editor Frank Moya Pons. |
| Remainder of title |
|
| 246 14 - VARYING FORM OF TITLE |
| Title proper/short title |
La autonomía legal de los bancos centrales : |
| Remainder of title |
estudio comparativo de las legislaciones orgánicas de los Bancos Centrales de Iberoamérica / |
| 260 ## - PUBLICATION, DISTRIBUTION, ETC. (IMPRINT) |
| Place of publication, distribution, etc. |
Santo Domingo : |
| Name of publisher, distributor, etc. |
Banco Central de la República Dominicana, |
| Date of publication, distribution, etc. |
1999. |
| 300 ## - PHYSICAL DESCRIPTION |
| Extent |
645 p. ; |
| Dimensions |
23 cm. |
| 500 ## - GENERAL NOTE |
| General note |
Incluye datos biográficos del autor en las solapas |
| 504 ## - BIBLIOGRAPHY, ETC. NOTE |
| Bibliography, etc |
Bibliografía: p. 615-645 |
| 590 ## - LOCAL NOTE (RLIN) |
| Local note |
Inventariado, 2021/VM |
| 650 #4 - SUBJECT ADDED ENTRY--TOPICAL TERM |
| Topical term or geographic name as entry element |
Bancos centrales |
| Geographic subdivision |
América Latina |
| 650 #4 - SUBJECT ADDED ENTRY--TOPICAL TERM |
| Topical term or geographic name as entry element |
Legislacion de los bancos centrales |
| Geographic subdivision |
América Latina. |
| General subdivision |
|
| 650 #4 - SUBJECT ADDED ENTRY--TOPICAL TERM |
| Topical term or geographic name as entry element |
Derecho bancario. |
| 650 #4 - SUBJECT ADDED ENTRY--TOPICAL TERM |
| Topical term or geographic name as entry element |
Legislacion de los bancos centrales |
| Geographic subdivision |
América Latina |
| Form subdivision |
Estudio de casos. |
| 700 1# - ADDED ENTRY--PERSONAL NAME |
| Personal name |
Moya Pons, Frank |
| Relator term |
ed. |
| 910 ## - USER-OPTION DATA (OCLC) |
| User-option data |
VMateo V |
| 942 ## - ADDED ENTRY ELEMENTS (KOHA) |
| Source of classification or shelving scheme |
Dewey Decimal Classification |
| Koha item type |
Libros |